000 00999nam a22001817a 4500
999 _c63035
_d63035
003 Ge_BSU
005 20250515170432.0
008 250515s2023 ge ||||| |||| 00| 0 geo d
041 _ageo
080 _a612.014(075.8) ხ-46
100 _aხეცურიანი, რამაზ
_925051
245 _aადამიანის ნორმალური ანატომია :
_bსახელმძღვანელო განკუთვნილია სამედიცინო უმაღლესი სკოლის სტუდენტთათვის /
_c რამაზ ხეცურიანი ; სამეცნ. რედ. ასმათ შუკაკიძე.
264 _aთბილისი,
_c 2023.
300 _a340 გვ.:
_bილ.;
_c23 სმ.
653 _aადამიანის ანატომია
700 _aშუკაკიძე, ასმათ
_eრედაქტორი.
_96834
942 _2udc
_cᲬᲘᲒᲜᲘ